MDQL
is popping MORE tags! Check the
thread
!
Quizzes
Events
Quiz Creation
Community
Videos
Private Events
Remove Ads
Sign In
Join for FREE
Feedback
Dark Mode
Quiz Categories
Sports
Geography
Music
Movies
Television
Just For Fun
Miscellaneous
History
Literature
Language
Science
Gaming
Entertainment
Religion
Holiday
For Kids
Quiz Lab
Recent
Popular Today
Quiz Kudos Today
Editor Picks
Curator Picks
Quizzes by...
Day
Popularity
Type
Ratings
Length
Year
Community
Subscriptions
Recent Discussions
Orange Saloon
Badges
Playlists
Quests
Create
Leaderboards
Showdown
Live 5
Trivia Bingo
Activity
Puzzle Library
Sporcle Events
Private Events
Virtual Trivia
Globe League
Become a Host
Pub Owners
SporcleCon
Opinionation
Our Games
Videos
Blog
Mobile Apps
Partnerships
Remove Ads and Go Orange
Feedback
Geography
Country
Landmarks
City
State
Population
World
Capital
Continent
Flags
Europe
Africa
Asia
South America
North America
Oceania
Border
Canada
United Kingdom
Topography
United States
Geography
Country
Landmarks
City
State
Population
World
Capital
Continent
Flags
Europe
Africa
Asia
South America
North America
Oceania
Border
Canada
United Kingdom
Topography
United States
Random Quiz
Search Sporcle
×
Curator Pick
Curator Pick
Geography
City
Type in answers that appear in a list
Type in answers that appear in a list
Classic
Best Score? Go Orange.
Largest City Without an 'A' per State Stats
Can you name each state's most populous city that does not contain the letter 'A'?
By
mdragonc
9m
50 Questions
1,797 Plays
1,797 Plays
1,797 Plays
Comments
Comments
Give Quiz Kudos
Give Quiz Kudos
-
- Ratings
hide this ad
Replay
Link that replays current quiz
Next Quiz
Link to next quiz in quiz playlist
You Got
0%
They Got
Avg Score
64%
Avg Friend Score
Upgrade to see
Score Distribution
Jump to the score distribution portion of the page
Score
0/50
Timer
09:00
1
Play Today
State
City
% Correct
New York
New York
94.3%
Arizona
Phoenix
94.2%
Colorado
Denver
93%
Massachusetts
Boston
91.2%
Texas
Houston
90.9%
Michigan
Detroit
89.7%
Idaho
Boise
89.4%
Georgia
Columbus
89.1%
Ohio
Columbus
89.1%
Hawaii
Honolulu
89%
Arkansas
Little Rock
88%
Iowa
Des Moines
86.5%
Pennsylvania
Pittsburgh
86%
Tennessee
Memphis
85.3%
Nebraska
Lincoln
84.6%
Rhode Island
Providence
84.1%
Kentucky
Louisville
83.8%
Alabama
Huntsville
81.5%
Wyoming
Cheyenne
79.4%
New Jersey
Jersey City
76%
Missouri
St. Louis
75.6%
Montana
Billings
74.1%
California
Fresno
73.8%
Delaware
Wilmington
72.5%
Oregon
Eugene
70.8%
State
City
% Correct
Utah
Provo
69.8%
New Hampshire
Concord
68.1%
Louisiana
Shreveport
67.9%
Nevada
Henderson
67.3%
Virginia
Norfolk
67.2%
Vermont
Burlington
64.1%
Connecticut
Bridgeport
64.1%
North Carolina
Greensboro
63.5%
Indiana
South Bend
55.3%
Illinois
Joliet
55.1%
Minnesota
Rochester
53.5%
Florida
St. Petersburg
49.4%
Mississippi
Gulfport
45.9%
New Mexico
Roswell
41.6%
Washington
Bellevue
39.9%
West Virginia
Huntington
39.5%
Maryland
Frederick
32.6%
North Dakota
Minot
30.4%
Maine
Lewiston
30%
Wisconsin
Oshkosh
25.9%
Oklahoma
Edmond
18.6%
South Carolina
Rock Hill
16.8%
South Dakota
Brookings
14.1%
Alaska
Bethel
9.5%
Kansas
Hutchinson
8.4%
Quiz Playlist
Details
Report
Send in Message
Add To Playlist
Classic:
Type in answers that appear in a list
Last Updated: Apr 30, 2019
Curator Pick in
City
Quiz Scoreboard
CHALLENGE
Sign Up to Join the Scoreboard
Show All
Scores
Hide
Comments
May contain spoilers
Recently Published
Holiday 10x10 Sorting Gallery
by lukepisani3
Holiday
15m
Two Season TV Shows II
by 123Four
Television
10m
Image Sorting: Flags VI
by Barbecue
Geography
2m
More to Explore
Quiz From the Vault
Featured Blog Post
14 Easter Pick-up Lines to Find Eggs With
hide this ad
You Might Also Like...
Tags
City Quiz
Letter Quiz
Population Quiz
State Quiz
2010
est
largest
Today's Top Quizzes in Geography
Browse Geography
hide this ad
Today's Top Quizzes in City
Browse City
Top Contributed Quizzes in Geography
1
Colored Red Europe Blitz I
2
Countries of the World - No Outlines Minefield
3
Colored Red Africa Blitz II
4
Colored Red Europe Blitz II
5
Colored Red Europe Blitz III
6
Colored Red Africa Blitz III
7
Colored Red States Blitz I
8
Colored Red States Blitz II
9
A Different View: World Oceans
10
Colored Red States Blitz III
Explore More
Trending Topics
NBA
Crossword
Marvel
Disney
Harry Potter
Anime
Kpop
Song
Puzzle
Soccer
WWE
The Office
Pokémon
NFL
Country
hide this ad
More By:
mdragonc
Quiz
Plays
Rating
Category
Featured
Created
Largest City Without an 'A' per State
1,796
4.53
Geography
Jun 25, 2014
MLB All-Time HR Leaders by LAST letter of last name
455
4.67
Sports
May 30, 2014
Yankees with 500 HR, 3000 H, and 300 W
272
4.71
Sports
May 26, 2015
40 Home Runs and World Series in the Same Season
175
5.00
Sports
Feb 13, 2016
Braves with 500 HR, 3000 H, and 300 W
161
4.29
Sports
May 26, 2015
Go to Creator's Profile
Score Distribution
Quiz Creator Spotlight
mdragonc
Follow
Send a Message
Quizzes Created
-
Created Quiz Play Count
-
More By This Creator
Popular Quizzes Today
1
Find the US States - No Outlines Minefield
2
Colored Red Africa Blitz
3
Find the 'City' Movie
4
The Countries of the World
5
5x2 Blitz: Bands
6
Find the Countries of Europe - No Outlines Minefield
7
Find the US States
8
US States
More Geography Quizzes
'P' Cities Venn Diagram
Quiz Lab
Trending Quizzes
Colored Red Europe Blitz I
Colored Red Africa Blitz II
Colored Red Europe Blitz II
Even More Two Season TV Shows
Colored Red Africa Blitz III
Recently Updated
Quick Pick: 20 Twenties
pecheneg
March Madness Men's Triple Doubles
pecheneg
How Do You Spell That?
pecheneg
Godzilla Movies
pecheneg
Grab Bag: 4-10 Letters
pecheneg
2024 March Madness Bracket
pecheneg
Famous TV Couples
Peacemaker
Champions League XIs: Real Madrid
pecheneg
Largest US Cities 1790-2010
pecheneg
Rides in Walt Disney World
pecheneg
Trending Topics
Kpop
Anime
Crossword
Harry Potter
NBA
Disney
Marvel
Country
WWE
Pokémon
NFL
The Office
Puzzle
Soccer
Song
Your Account Isn't Verified!
In order to create a playlist on Sporcle, you need to verify the email address you used during registration. Go to your
Sporcle Settings
to finish the process.
Report this User
Report this user for behavior that violates our
Community Guidelines
.
Details:
Send Report
Go to the Sporcle.com Mobile Site →
Comments